Statistics for NCAA Tournament Teams 2016

Click here to take the quiz!

General Stats

  • This quiz has been taken 6,791 times
  • The average score is 33 of 68

Answer Stats

RegionSeedTeam% Correct
East1North Carolina
92%
West4Duke
89%
South1Kansas
89%
East11Michigan
88%
East4Kentucky
85%
Midwest2Michigan State
83%
West6Texas
82%
West1Oregon
81%
South2Villanova
77%
West2Oklahoma
76%
Midwest1Virginia
74%
East5Indiana
70%
South7Iowa
69%
East7Wisconsin
68%
Midwest10Syracuse
66%
South6Arizona
65%
South4California
62%
Midwest11Gonzaga
62%
South3Miami
62%
West3Texas A&M
62%
West12Yale
61%
West5Baylor
60%
South5Maryland
58%
East8USC
58%
South9Connecticut
57%
Midwest4Iowa State
56%
East6Notre Dame
56%
East3West Virginia
54%
Midwest5Purdue
53%
East2Xavier
53%
Midwest3Utah
52%
South11Wichita State
50%
South8Colorado
47%
Midwest15Middle Tenn. State
47%
West7Oregon State
47%
South13Hawaii
45%
Midwest9Butler
44%
East14Stephen F. Austin
44%
Midwest8Texas Tech
44%
West11Northern Iowa
41%
East10Pittsburgh
41%
West9Cincinnati
40%
East9Providence
39%
West10VCU
39%
South10Temple
37%
Midwest7Dayton
36%
East16Florida Gulf Coast
35%
South11Vanderbilt
33%
Midwest6Seton Hall
32%
Midwest12AR - Little Rock
30%
West8St. Joseph's
30%
West16Holy Cross
27%
South12South Dakota State
26%
East11Tulsa
26%
South16Austin Peay
25%
South14Buffalo
25%
Midwest13Iona
23%
West13NC Wilmington
22%
South15NC - Asheville
21%
West14WI - Green Bay
20%
Midwest16Hampton
19%
East13Stony Brook
19%
Midwest14Fresno State
18%
West16Southern
18%
East12Chattanooga
17%
West15CSU Bakersfield
17%
East15Weber State
17%
East16Fairleigh Dickinson
10%

Score Distribution

Percentile by Number Answered

Percent of People with Each Score

Your Score History

You have not taken this quiz